000 00673nam a22001817a 4500
999 _c11727
_d11727
003 OSt
005 20181220153620.0
008 181220b ||||| |||| 00| 0 eng d
040 _c0
082 _aDPer 910.5 T69 Apr-June 2015 v. 45, n.4-5
100 _aOzaeta, Anne Marie
_933482
245 _aReimagining the Filipino feast /
_cAnne Marie ; Photograph by JC Inocian ; styling by Angelique Abesamis Castro ; Recipes by Purple Yam Malate
260 _aQuezon City, Philippines :
_bABS-CBN Publishing Inc.,
_ccApr-June 2015.
300 _av. 45, n. 2, p. 87-96.
_bcolored illustrations ;
_c28 cm.
500 _aFood
650 _aFood
_vPeriodical
_933440
942 _2ddc
_cPER